000 nam a22 7a 4500
999 _c128263
_d128263
008 180925b xxu||||| |||| 00| 0 eng d
020 _a0883443562
050 _aBX1753.N455 1986
100 _aNelson-Pallmeyer, Jack
_92993
245 _aThe politics of compassion:
260 _aNew York:
_bOrbis books,
_c1986.
300 _aviii,132p.;
_c24cm.
650 _aSociology christian (catholic)
_942571
650 _aLiberation theology
_942572
650 _aHunger
_xReligious aspects
_xCatholic church
_9542
650 _aArms race
_xReligious aspects
_xcatholic church
_942573
650 _aUnited states
_xForeign relations
_zCentral America
_942574
650 _aCentral America
_xForeign relations
_zUnited States
_942575
650 _aCatholic church
_xDoctrines
_94786
942 _2lcc
_cMONOGRAPH